| 000 | 00903cam a22002533a 4500 | ||
|---|---|---|---|
| 001 | 14014 | ||
| 003 | PGUSA | ||
| 005 | 20140828083312.0 | ||
| 008 | 041110s2004||||xxu|||||s|||||000 | eng d | ||
| 040 |
_aPGUSA _beng |
||
| 042 | _adc | ||
| 050 | 4 | _aF1001 | |
| 245 | 1 | 0 |
_aDangers on the Ice Off the Coast of Labrador : _bWith Some Interesting Particulars Respecting the Natives of that Country _h[electronic resource] / _cAnonymous |
| 260 |
_bProject Gutenberg, _c2004 |
||
| 506 | _aPublic domain in the USA. | ||
| 516 | _aElectronic text | ||
| 653 | _aMissions -- Newfoundland and Labrador -- Labrador | ||
| 653 | _aMoravian Church -- Missions | ||
| 653 | _aInuit -- Newfoundland and Labrador -- Labrador -- Social life and customs | ||
| 653 | _aLabrador (N.L.) -- Description and travel | ||
| 830 | 0 |
_aProject Gutenberg _v14014 |
|
| 856 | 4 | 0 | _uhttp://www.gutenberg.org/ebooks/14014 |
| 942 | _cEB | ||
| 999 |
_c243269 _d243269 |
||